[Event "AUTO-ADV-4886"]
[Site "http://www.queenalice.com/game.php?id=1865929"]
[Date "2025.11.20"]
[Round "2"]
[White "Carlos19"]
[Black "Capixaba789"]
[Result "0-1"]
[WhiteElo "1612"]
[BlackElo "1845"]

1. e4 e5 2. Nf3 d6 3. Bc4 Be7 4. d3 f5 5. h4 Nf6 6. Ng5 Rf8 7. Ne6 Bxe6 8. Bxe6
f4 9. O-O Nc6 10. a3 Nd4 11. Bf5 Nxf5 12. exf5 Qd7 13. c4 Qxf5 14. Qe2 h6 15.
Nc3 Ng4 16. f3 Nf6 17. b4 Nh5 18. Ne4 Ng3 19. Qf2 Bxh4 20. Rd1 a6 21. c5 d5 22.
Nxg3 Bxg3 23. Qe2 Qh5 24. Qb2 Qh2+ 25. Kf1 Qh1+ 26. Ke2 Qxg2# 0-1